[Event "4NCL Online Division 3"]
[Site "online"]
[Date "2020.11.03"]
[Round "6.152"]
[White "Tomlinson, Zak"]
[Black "Brett, Alex I"]
[Result "1/2-1/2"]
[WhiteElo "1772"]
[BlackElo "1540"]
[PlyCount "74"]
[EventDate "2020.11.03"]
[WhiteTeam "Chessmates"]
[BlackTeam "Wimbledon 2"]

1. e4 Nf6 2. e5 Nd5 3. Nf3 d6 4. d4 Bg4 5. h3 Bh5 6. Bc4 Nb6 7. Bb3 dxe5 8.
Nxe5 Bg6 9. Qf3 e6 10. Nxg6 hxg6 11. c3 Nc6 12. Bf4 Bd6 13. Nd2 Qf6 14. Bxd6
Qxf3 15. Nxf3 cxd6 16. O-O-O d5 17. Rhe1 a5 18. a4 O-O-O 19. Ne5 Nxe5 20. Rxe5
Rhe8 21. Rde1 Rd7 22. f4 Rde7 23. g4 f6 24. R5e3 Nc4 25. Bxc4 dxc4 26. f5 gxf5
27. gxf5 Kd7 28. fxe6+ Rxe6 29. Kd2 Kd6 30. Rxe6+ Rxe6 31. Rxe6+ Kxe6 32. Ke3
g5 33. Kf3 f5 34. Kg3 Kd5 35. Kf3 Ke6 36. Kg3 Kd5 37. Kf3 Ke6 1/2-1/2

[Event "4NCL Online Division 3"]
[Site "online"]
[Date "2020.11.03"]
[Round "6.153"]
[White "Selim, Omar"]
[Black "Webster, Vivien"]
[Result "0-1"]
[WhiteElo "1315"]
[BlackElo "1757"]
[PlyCount "100"]
[EventDate "2020.11.03"]
[WhiteTeam "Wimbledon 2"]
[BlackTeam "Chessmates"]

1. e4 c5 2. Nf3 Nc6 3. d4 e6 4. Be2 cxd4 5. Nxd4 Bc5 6. Be3 Bxd4 7. Bxd4 Nf6 8.
Nc3 O-O 9. O-O e5 10. Be3 h6 11. Bd3 b6 12. Re1 Bb7 13. Nd5 d6 14. Nxf6+ Qxf6
15. a3 Rad8 16. c4 Ne7 17. b4 Ng6 18. Qa4 Nh4 19. Bd2 Qg6 20. Bf1 Nf3+ 21. Kh1
Nxd2 22. f3 Nxf1 23. Rxf1 Ra8 24. Qd7 Bc8 25. Qc6 Bh3 26. Rg1 Be6 27. Qxd6 Bxc4
28. Qxe5 Qe6 29. Qxe6 Bxe6 30. Rgd1 Rac8 31. Kg1 Rc2 32. Rdc1 Rfc8 33. Rxc2
Rxc2 34. h3 g6 35. Kf1 Bc4+ 36. Kg1 Kg7 37. e5 Be6 38. f4 g5 39. g3 Kg6 40. Rf1
Rc3 41. g4 gxf4 42. Rxf4 Rxh3 43. a4 Rg3+ 44. Kf2 Rxg4 45. Kf3 Rxf4+ 46. Kxf4
a5 47. bxa5 bxa5 48. Ke4 Bb3 49. Kf4 Bxa4 50. Kg3 Bb3 0-1

[Event "4NCL Online Division 3"]
[Site "online"]
[Date "2020.11.03"]
[Round "6.154"]
[White "Duffell, Andrew"]
[Black "Sood, Kamaljit"]
[Result "1-0"]
[WhiteElo "1622"]
[BlackElo "1165"]
[PlyCount "59"]
[EventDate "2020.11.03"]
[WhiteTeam "Chessmates"]
[BlackTeam "Wimbledon 2"]

1. d4 d5 2. c4 Nf6 3. Nc3 dxc4 4. e4 b6 5. Bxc4 c5 6. Nf3 cxd4 7. Qxd4 Qxd4 8.
Nxd4 e6 9. O-O Bc5 10. Ndb5 Na6 11. e5 Nd7 12. Nd6+ Kf8 13. Nxc8 Rxc8 14. Bxa6
Rc6 15. Bb5 Rc7 16. Bxd7 Rxd7 17. Be3 Bd4 18. Bxd4 Rxd4 19. Rfd1 Rxd1+ 20. Rxd1
g5 21. Ne4 Kg7 22. Nxg5 Kf8 23. Rd8+ Kg7 24. Rxh8 Kxh8 25. Nxf7+ Kg7 26. Ng5 h6
27. Nxe6+ Kf7 28. Nd4 a5 29. f4 Kg7 30. f5 1-0

[Event "4NCL Online Division 3"]
[Site "online"]
[Date "2020.11.03"]
[Round "6.161"]
[White "Daskalov, Dimitar"]
[Black "Phillips, Owen S"]
[Result "1-0"]
[WhiteElo "2305"]
[BlackElo "1871"]
[PlyCount "45"]
[EventDate "2020.11.03"]
[WhiteTeam "Celtic Tigers"]
[BlackTeam "Streatham B"]

1. e4 e6 2. d4 d5 3. Bd3 a6 4. c3 c5 5. exd5 exd5 6. Nf3 cxd4 7. Nxd4 Nc6 8.
O-O Nxd4 9. cxd4 Bd6 10. Nc3 Ne7 11. Qh5 g6 12. Qh6 Bf5 13. Bxf5 Nxf5 14. Re1+
Kd7 15. Qh3 Kc6 16. Qf3 Bb4 17. Bf4 Nxd4 18. Qd3 Ne6 19. Rac1 Nxf4 20. Nxd5+
Bc5 21. Nxf4 a5 22. Qf3+ Kb6 23. Nd5+ 1-0

[Event "4NCL Online Division 3"]
[Site "online"]
[Date "2020.11.03"]
[Round "6.162"]
[White "Romeril, Alan"]
[Black "Hoffmann, Hendrik"]
[Result "0-1"]
[WhiteElo "1637"]
[BlackElo "2380"]
[PlyCount "78"]
[EventDate "2020.11.03"]
[WhiteTeam "Streatham B"]
[BlackTeam "Celtic Tigers"]

1. d4 d5 2. c4 dxc4 3. Nc3 e5 4. e3 exd4 5. exd4 Nc6 6. Nf3 Nf6 7. Bxc4 Bd6 8.
Be3 O-O 9. Qc2 Bg4 10. Be2 Bh5 11. h3 Bg6 12. Bd3 Nb4 13. Bxg6 Nxc2+ 14. Bxc2
c6 15. O-O-O Nd5 16. Nxd5 cxd5 17. g4 Qc7 18. Kb1 Bf4 19. Rc1 Qd6 20. Nh4 Bxe3
21. fxe3 g6 22. Nf3 Rfe8 23. h4 Rxe3 24. Ne5 f6 25. Nxg6 hxg6 26. Bxg6 Re2 27.
h5 Qb6 28. Bc2 Rae8 29. h6 Qb4 30. h7+ Kh8 31. a3 Qd2 32. Rhd1 Qf4 33. Rf1 Qxd4
34. Rcd1 Rd2 35. Rc1 Ree2 36. Rfd1 Rxc2 37. Rxd4 Rxb2+ 38. Ka1 Ra2+ 39. Kb1
Reb2# 0-1

[Event "4NCL Online Division 3"]
[Site "online"]
[Date "2020.11.03"]
[Round "6.163"]
[White "Maciol, Ryszard"]
[Black "Chung, Michael"]
[Result "1-0"]
[WhiteElo "2147"]
[BlackElo "1630"]
[PlyCount "59"]
[EventDate "2020.11.03"]
[WhiteTeam "Celtic Tigers"]
[BlackTeam "Streatham B"]

1. d4 d5 2. c4 c6 3. cxd5 cxd5 4. Bf4 Nc6 5. e3 a6 6. Nc3 Nf6 7. Bd3 e6 8. Nf3
h6 9. O-O Be7 10. Na4 O-O 11. Rc1 Bd7 12. Nc5 Bc8 13. Bb1 b6 14. Nxe6 Bxe6 15.
Rxc6 Rc8 16. Qc2 Rxc6 17. Qxc6 Bd7 18. Qb7 Bc8 19. Qc7 Qxc7 20. Bxc7 b5 21. Rc1
Bb7 22. Ne5 Bd8 23. Bd6 Re8 24. Bf5 Ne4 25. Ba3 Be7 26. Bd7 Bxa3 27. Bxe8 Bxb2
28. Bxf7+ Kf8 29. Rc7 Nd6 30. Ng6# 1-0

[Event "4NCL Online Division 3"]
[Site "online"]
[Date "2020.11.03"]
[Round "6.164"]
[White "Isaacs, Ruairi"]
[Black "Brixel, Christof"]
[Result "0-1"]
[WhiteElo "1465"]
[BlackElo "2087"]
[PlyCount "34"]
[EventDate "2020.11.03"]
[WhiteTeam "Streatham B"]
[BlackTeam "Celtic Tigers"]

1. d4 b6 2. c4 Bb7 3. Nc3 e6 4. e4 Bb4 5. Nge2 Bxe4 6. a3 Bxc3+ 7. Nxc3 Bb7 8.
Bd3 Nf6 9. f3 d5 10. cxd5 Nxd5 11. Nxd5 Bxd5 12. Be4 Bxe4 13. fxe4 Qh4+ 14. Kf1
Qxe4 15. Qb3 Nc6 16. Qg3 Nxd4 17. Be3 Nf5 0-1

[Event "4NCL Online Division 3"]
[Site "online"]
[Date "2020.11.17"]
[Round "7.11"]
[White "Menadue, Jeremy F S"]
[Black "Waterfield, John W"]
[Result "1/2-1/2"]
[WhiteElo "2050"]
[BlackElo "2035"]
[PlyCount "31"]
[EventDate "2020.11.17"]
[WhiteTeam "Trelawny's Army"]
[BlackTeam "Abergavenny and Friends"]

1. d4 Nf6 2. c4 c5 3. d5 b5 4. cxb5 a6 5. b6 a5 6. Nc3 Ba6 7. f4 Qxb6 8. Nf3 e6
9. e4 c4 10. e5 Nxd5 11. Nxd5 exd5 12. Qxd5 Nc6 13. Bxc4 Bb4+ 14. Ke2 Bxc4+ 15.
Qxc4 d5 16. Qd3 1/2-1/2

[Event "4NCL Online Division 3"]
[Site "online"]
[Date "2020.11.17"]
[Round "7.12"]
[White "Wakeham, Marc"]
[Black "Retallick, Lloyd"]
[Result "1/2-1/2"]
[WhiteElo "1900"]
[BlackElo "2065"]
[PlyCount "56"]
[EventDate "2020.11.17"]
[WhiteTeam "Abergavenny and Friends"]
[BlackTeam "Trelawny's Army"]

1. e4 c6 2. d4 d5 3. Nc3 dxe4 4. Nxe4 Nf6 5. Nxf6+ exf6 6. c3 Bd6 7. Bd3 O-O 8.
Qc2 Re8+ 9. Ne2 h5 10. Be3 Nd7 11. O-O Qc7 12. h3 Nf8 13. Rfe1 Be6 14. Bf5 g6
15. Bxe6 Nxe6 16. Rad1 Rad8 17. Nc1 Nf4 18. Nd3 Nd5 19. Qd2 b5 20. a3 Re7 21.
Re2 Rde8 22. Rde1 Nb6 23. Qc1 f5 24. Qc2 f4 25. Bc1 Nd5 26. Rxe7 Rxe7 27. Rxe7
Qxe7 28. Qd1 Qe4 1/2-1/2

[Event "4NCL Online Division 3"]
[Site "online"]
[Date "2020.11.17"]
[Round "7.13"]
[White "Kneebone, Robin F G"]
[Black "Keene, Alan"]
[Result "1-0"]
[WhiteElo "1982"]
[BlackElo "1840"]
[PlyCount "45"]
[EventDate "2020.11.17"]
[WhiteTeam "Trelawny's Army"]
[BlackTeam "Abergavenny and Friends"]

1. d4 Nf6 2. c4 g6 3. g3 Bg7 4. Bg2 O-O 5. Nc3 d6 6. Nf3 Nbd7 7. O-O e5 8. e4
c6 9. h3 Re8 10. Be3 exd4 11. Nxd4 Nc5 12. Qc2 a5 13. Rad1 Ne6 14. Nde2 Bf8 15.
e5 Nd7 16. exd6 Ndc5 17. Qd2 Qf6 18. Nd4 Bxd6 19. Nxc6 Bf8 20. Nd4 Rd8 21. Nd5
Qe5 22. Rfe1 Qh5 23. Nf6+ 1-0

[Event "4NCL Online Division 3"]
[Site "online"]
[Date "2020.11.17"]
[Round "7.14"]
[White "Allford, Zane"]
[Black "Willis, Toby W"]
[Result "1-0"]
[WhiteElo "1693"]
[BlackElo "1930"]
[PlyCount "73"]
[EventDate "2020.11.17"]
[WhiteTeam "Abergavenny and Friends"]
[BlackTeam "Trelawny's Army"]

1. e4 c5 2. Nc3 Nc6 3. f4 g6 4. Nf3 Bg7 5. Bb5 Nd4 6. O-O a6 7. Be2 e6 8. d3
Ne7 9. e5 d5 10. exd6 Qxd6 11. Ne4 Qc7 12. c3 Nxe2+ 13. Qxe2 O-O 14. Be3 b6 15.
Rac1 Bb7 16. Ne5 Nd5 17. Bd2 Rac8 18. d4 Nf6 19. Nxf6+ Bxf6 20. Qg4 cxd4 21.
cxd4 Qd6 22. Bc3 b5 23. a3 a5 24. f5 exf5 25. Rxf5 Bg7 26. Rf2 b4 27. axb4 axb4
28. Bd2 Rxc1+ 29. Bxc1 Bxe5 30. dxe5 Qxe5 31. Qxb4 Rd8 32. Bd2 Qd5 33. Qe7 Ra8
34. h3 Ra1+ 35. Kh2 Ra8 36. Bc3 Qc6 37. Qxf7# 1-0

[Event "4NCL Online Division 3"]
[Site "online"]
[Date "2020.11.17"]
[Round "7.21"]
[White "Putar, Leon"]
[Black "Singh, Amrik J"]
[Result "0-1"]
[WhiteElo "1894"]
[BlackElo "1847"]
[PlyCount "86"]
[EventDate "2020.11.17"]
[WhiteTeam "St Benildus B"]
[BlackTeam "Warley Mighty Quins"]

1. e4 g6 2. d4 Bg7 3. Nf3 d6 4. c3 Nd7 5. Bd3 e5 6. dxe5 Nxe5 7. Nxe5 dxe5 8.
O-O Ne7 9. f4 O-O 10. f5 gxf5 11. exf5 Bxf5 12. Bxf5 Qxd1 13. Bxh7+ Kxh7 14.
Rxd1 Rad8 15. Rf1 f5 16. Nd2 e4 17. Nc4 Kg6 18. Bf4 Nd5 19. a4 c6 20. a5 Rfe8
21. Bg3 Re6 22. Rad1 Rf8 23. Bd6 Rf7 24. Bb8 b6 25. axb6 axb6 26. Rde1 Rd7 27.
Ne3 Nxe3 28. Rxe3 Bh6 29. Rg3+ Kf6 30. Rh3 Bd2 31. Rh5 Rd5 32. c4 Rc5 33. b4
Bxb4 34. g4 e3 35. Rh6+ Ke7 36. Rxe6+ Kxe6 37. gxf5+ Kf6 38. Rb1 Rxc4 39. Kf1
Kxf5 40. Ke2 Ke4 41. Rb2 c5 42. h4 Rc1 43. Bg3 Rg1 0-1

[Event "4NCL Online Division 3"]
[Site "online"]
[Date "2020.11.17"]
[Round "7.22"]
[White "Turner, Jon"]
[Black "Putar, Lara"]
[Result "1-0"]
[WhiteElo "1892"]
[BlackElo "1834"]
[PlyCount "122"]
[EventDate "2020.11.17"]
[WhiteTeam "Warley Mighty Quins"]
[BlackTeam "St Benildus B"]

1. e4 e6 2. d3 d5 3. Nd2 Nf6 4. exd5 exd5 5. g3 c5 6. Bg2 Nc6 7. Ne2 Be7 8. O-O
O-O 9. Nf4 Bg4 10. Bf3 Bxf3 11. Nxf3 Bd6 12. c3 d4 13. Re1 Qb6 14. Qc2 Rfe8 15.
Bd2 Ne5 16. Nxe5 Bxe5 17. Re2 Bxf4 18. Bxf4 Nd5 19. Rxe8+ Rxe8 20. Bd2 dxc3 21.
bxc3 Qg6 22. Re1 Rd8 23. Qa4 Nf6 24. d4 Qd3 25. Be3 h6 26. dxc5 Qxc3 27. Rc1
Qb2 28. Qxa7 Ng4 29. Qb6 Qxb6 30. cxb6 Nxe3 31. fxe3 Rd6 32. Rb1 Rd2 33. a4 Ra2
34. Rb4 g5 35. h4 Kg7 36. hxg5 hxg5 37. Rb5 Rxa4 38. Rxg5+ Kf6 39. Rb5 Ra2 40.
Kf1 Ke6 41. g4 Kd6 42. Rf5 Ke6 43. Rb5 Rh2 44. g5 Kd6 45. Rf5 Rh7 46. Kf2 Kc6
47. Rf6+ Kc5 48. Kf3 Rg7 49. Kf4 Rh7 50. e4 Rh4+ 51. Kf5 Rh7 52. e5 Kd5 53. Rh6
Rg7 54. Kf6 Rg8 55. Kxf7 Rxg5 56. e6 Rf5+ 57. Rf6 Rh5 58. e7 Rh7+ 59. Ke8 Rh8+
60. Kd7 Rh7 61. Kd8 Ke5 1-0

[Event "4NCL Online Division 3"]
[Site "online"]
[Date "2020.11.17"]
[Round "7.23"]
[White "Healy, John"]
[Black "Emery, Ian"]
[Result "0-1"]
[WhiteElo "1889"]
[BlackElo "1847"]
[PlyCount "66"]
[EventDate "2020.11.17"]
[WhiteTeam "St Benildus B"]
[BlackTeam "Warley Mighty Quins"]

1. e4 Nf6 2. e5 Nd5 3. d4 d6 4. Nf3 Bg4 5. c4 Nb6 6. Be2 Nc6 7. exd6 cxd6 8.
O-O g6 9. h3 Bxf3 10. Bxf3 Bg7 11. Be3 O-O 12. Qd3 d5 13. c5 Nc4 14. b3 Nxe3
15. fxe3 e5 16. Nc3 e4 17. Bxe4 dxe4 18. Nxe4 Nxd4 19. Nd6 Ne6 20. Rac1 Qc7 21.
b4 Rad8 22. Qc4 Qe7 23. a4 Be5 24. Ne4 Ng5 25. Nf2 h5 26. b5 Bc7 27. h4 Qe5 28.
Rfe1 Ne6 29. Re2 Ng7 30. c6 bxc6 31. Qxc6 Bb8 32. Nh3 Nf5 33. Rc4 Rd1+ 0-1

[Event "4NCL Online Division 3"]
[Site "online"]
[Date "2020.11.17"]
[Round "7.24"]
[White "Maybury, Philip C"]
[Black "Ruane, Ciaran"]
[Result "1-0"]
[WhiteElo "1772"]
[BlackElo "1835"]
[PlyCount "99"]
[EventDate "2020.11.17"]
[WhiteTeam "Warley Mighty Quins"]
[BlackTeam "St Benildus B"]

1. Nf3 d5 2. c4 e6 3. cxd5 exd5 4. d4 Nf6 5. Nc3 Be7 6. g3 O-O 7. Bg2 Nbd7 8.
O-O c6 9. Re1 Re8 10. e4 dxe4 11. Nxe4 Nxe4 12. Rxe4 Nf6 13. Re1 Nd5 14. Ne5
Bf5 15. a3 Bf6 16. Qb3 Re7 17. h4 Be6 18. Qd3 Qb6 19. b4 Rd8 20. Rb1 Nc7 21.
Be3 Bxe5 22. d5 Qb5 23. Qxb5 Nxb5 24. dxe6 Nxa3 25. Rbd1 Rxd1 26. Rxd1 g6 27.
Bh6 Re8 28. Rd7 fxe6 29. Rxb7 Rc8 30. Rxa7 Nc2 31. Bh3 Nd4 32. Re7 Nf5 33. Rxe6
Bc3 34. Bxf5 gxf5 35. Kg2 Kf7 36. Rd6 Bxb4 37. Rd7+ Kg6 38. Be3 c5 39. h5+ Kf6
40. Rxh7 c4 41. Rb7 Bd6 42. Bd4+ Kg5 43. Rb6 Bc5 44. Bxc5 Rxc5 45. h6 Rc7 46.
f4+ Kg4 47. Rg6+ Kh5 48. Rg7 Rc8 49. h7 c3 50. Rg8 1-0

[Event "4NCL Online Division 3"]
[Site "online"]
[Date "2020.11.17"]
[Round "7.31"]
[White "Barker, Luke"]
[Black "Pigott, Darrell N"]
[Result "1-0"]
[WhiteElo "1848"]
[BlackElo "1960"]
[PlyCount "129"]
[EventDate "2020.11.17"]
[WhiteTeam "Phones Pals"]
[BlackTeam "Watford 2"]

1. d4 d5 2. Nf3 Nf6 3. Bf4 Bf5 4. e3 e6 5. h3 Nbd7 6. Bd3 Bg6 7. O-O Be7 8. c4
dxc4 9. Bxc4 O-O 10. Nh4 Nb6 11. Nxg6 hxg6 12. Bb3 Bd6 13. Bg5 Qd7 14. Nc3 c6
15. e4 Be7 16. a4 a5 17. Be3 Qd8 18. Qf3 Nfd7 19. Rfd1 Bg5 20. Qe2 Bxe3 21.
Qxe3 Qe7 22. f4 Qb4 23. Ne2 Nf6 24. Ng3 Rfe8 25. Qc3 Qe7 26. Re1 Nh5 27. Nxh5
gxh5 28. f5 exf5 29. exf5 Qf6 30. Qc5 Nd7 31. Rxe8+ Rxe8 32. Qxa5 Qxd4+ 33. Kh1
Qc5 34. Qc7 Qxf5 35. Rd1 Nc5 36. Bc4 Ne4 37. Rf1 Nf2+ 38. Kg1 Nxh3+ 39. Kh2
Qe5+ 40. Qxe5 Rxe5 41. Bxf7+ Kh7 42. Kxh3 Re4 43. b3 g5 44. Bxh5 Rh4+ 45. Kg3
Rxh5 46. Rf7+ Kg6 47. Rxb7 Rh8 48. Rc7 Rb8 49. Rxc6+ Kf5 50. Rc5+ Kf6 51. Rc3
Rb4 52. Re3 Kf5 53. a5 Rb5 54. Kf3 Rxa5 55. Re8 Ra3 56. Rf8+ Kg6 57. Rb8 Kf5
58. g4+ Ke5 59. Rb5+ Kf6 60. Ke4 Ra1 61. Rb6+ Kg7 62. Kf5 Ra5+ 63. Ke4 Ra1 64.
b4 Rg1 65. Kf5 1-0

[Event "4NCL Online Division 3"]
[Site "online"]
[Date "2020.11.17"]
[Round "7.32"]
[White "Sloan, Cecil"]
[Black "Narang, Vishal"]
[Result "1-0"]
[WhiteElo "1720"]
[BlackElo "1477"]
[PlyCount "89"]
[EventDate "2020.11.17"]
[WhiteTeam "Watford 2"]
[BlackTeam "Phones Pals"]

1. e4 e5 2. Nf3 Nc6 3. d4 exd4 4. Bc4 d6 5. Nxd4 Ne5 6. Be2 h6 7. Nc3 Be7 8.
Be3 Nf6 9. Qd2 Nfg4 10. Bf4 Ng6 11. Bg3 Bd7 12. f3 N4e5 13. O-O-O O-O 14. Kb1
Nc6 15. Nd5 a6 16. Nxc6 bxc6 17. Nxe7+ Nxe7 18. Bh4 Re8 19. Bc4 Be6 20. Bxe6
fxe6 21. Qc3 Qc8 22. Bxe7 Rxe7 23. Qxc6 Rb8 24. Rd3 Rb6 25. Qa4 Qb7 26. Rb3
Rxb3 27. Qxb3 Qxb3 28. axb3 e5 29. Rd1 Kf7 30. Rd5 Re8 31. Ra5 Ra8 32. b4 c6
33. c4 Kf6 34. b5 cxb5 35. cxb5 Kg5 36. Rxa6 Rb8 37. Rxd6 Rxb5 38. Rd5 Rxd5 39.
exd5 Kf6 40. Kc2 Ke7 41. Kd3 Kd6 42. Ke4 g6 43. b4 h5 44. b5 h4 45. b6 1-0

[Event "4NCL Online Division 3"]
[Site "online"]
[Date "2020.11.17"]
[Round "7.33"]
[White "Benson, Alice"]
[Black "Hammond, Rob"]
[Result "1/2-1/2"]
[WhiteElo "740"]
[BlackElo "1800"]
[PlyCount "85"]
[EventDate "2020.11.17"]
[WhiteTeam "Phones Pals"]
[BlackTeam "Watford 2"]

1. d4 Nf6 2. Bf4 g6 3. Nc3 d5 4. Qd2 c6 5. Nf3 Bf5 6. O-O-O Nbd7 7. Bh6 Ng4 8.
Bxf8 Rxf8 9. Qe1 Qc7 10. h3 Ngf6 11. g4 Be4 12. Bg2 Bxf3 13. Bxf3 Qf4+ 14. Qd2
Qxd2+ 15. Rxd2 g5 16. e4 Nb6 17. exd5 Nfxd5 18. Nxd5 Nxd5 19. Bxd5 cxd5 20. h4
h6 21. Re2 e6 22. hxg5 hxg5 23. Re5 Ke7 24. Rxg5 Rh8 25. Rgh5 Rxh5 26. Rxh5 Rg8
27. f3 Kf6 28. Kd2 b5 29. Kd3 a5 30. b3 b4 31. c3 bxc3 32. Kxc3 Rc8+ 33. Kd2 a4
34. Re5 axb3 35. axb3 Ra8 36. Kc3 Ra1 37. Rh5 Rc1+ 38. Kd2 Rf1 39. g5+ Kg6 40.
Ke2 Rb1 41. Rh8 Rxb3 42. Rg8+ Kh7 43. Rc8 1/2-1/2

[Event "4NCL Online Division 3"]
[Site "online"]
[Date "2020.11.17"]
[Round "7.41"]
[White "Walton, Alan J"]
[Black "Phillips, William"]
[Result "1-0"]
[WhiteElo "2177"]
[BlackElo "1819"]
[PlyCount "55"]
[EventDate "2020.11.17"]
[WhiteTeam "Urmston"]
[BlackTeam "Hatch End A"]

1. d4 Nf6 2. Bg5 d5 3. Bxf6 gxf6 4. c4 c6 5. Nc3 Bg7 6. e3 O-O 7. Bd3 f5 8. Qc2
e6 9. Nge2 Nd7 10. g4 Nf6 11. gxf5 exf5 12. cxd5 cxd5 13. Bxf5 Bxf5 14. Qxf5
Qd6 15. Rg1 Rfd8 16. Nf4 Kh8 17. Ke2 Bh6 18. Nd3 Rg8 19. Ne5 Qa6+ 20. Kf3 Rxg1
21. Rxg1 Rf8 22. Qh3 Ne4 23. Nxe4 dxe4+ 24. Kxe4 Re8 25. Qd7 Qc6+ 26. Qxc6 bxc6
27. Kf5 Re6 28. Nxf7# 1-0

[Event "4NCL Online Division 3"]
[Site "online"]
[Date "2020.11.17"]
[Round "7.42"]
[White "Breed, Greg J"]
[Black "Hill, Jonathan S"]
[Result "1/2-1/2"]
[WhiteElo "1784"]
[BlackElo "2012"]
[PlyCount "51"]
[EventDate "2020.11.17"]
[WhiteTeam "Hatch End A"]
[BlackTeam "Urmston"]

1. d4 Nf6 2. Nf3 g6 3. c4 Bg7 4. Nc3 d6 5. e4 O-O 6. Bd3 Nbd7 7. h3 e5 8. Be3
exd4 9. Bxd4 b6 10. Qd2 Bb7 11. O-O-O Nc5 12. Rde1 Re8 13. Qc2 a5 14. Kb1 Ne6
15. Be3 Nd7 16. h4 h5 17. Ng5 Nec5 18. Be2 f6 19. Nh3 Nxe4 20. Nd5 f5 21. Bg5
Nxg5 22. Nxg5 Bxd5 23. cxd5 Nc5 24. Bb5 Rxe1+ 25. Rxe1 Qf6 26. g3 1/2-1/2

[Event "4NCL Online Division 3"]
[Site "online"]
[Date "2020.11.17"]
[Round "7.43"]
[White "Whalley, Mark E"]
[Black "Parsons, Robert"]
[Result "1-0"]
[WhiteElo "1727"]
[BlackElo "1742"]
[PlyCount "101"]
[EventDate "2020.11.17"]
[WhiteTeam "Urmston"]
[BlackTeam "Hatch End A"]

1. d4 d5 2. Bf4 Nf6 3. e3 Bf5 4. c4 dxc4 5. Bxc4 e6 6. Qb3 Nbd7 7. Nf3 Bd6 8.
Bg3 O-O 9. Nbd2 Nb6 10. Bd3 Bxd3 11. Qxd3 Re8 12. Bh4 Be7 13. Rc1 Rc8 14. O-O
h6 15. Ne5 Nfd7 16. Bxe7 Qxe7 17. f4 Nxe5 18. fxe5 Rcd8 19. Ne4 Nd5 20. Rc5 b6
21. Rxd5 exd5 22. Nf6+ gxf6 23. Rxf6 Qxf6 24. exf6 Re6 25. Qf5 Rdd6 26. Qg4+
Kf8 27. Qg7+ Ke8 28. Qg8+ Kd7 29. Qxf7+ Kc6 30. Qf8 Rxf6 31. Qe8+ Kb7 32. Qe5
Rfe6 33. Qf4 Re4 34. Qf3 Rde6 35. Kf2 Rxe3 36. Qxe3 Rxe3 37. Kxe3 c5 38. g4 Kc6
39. a4 Kd6 40. b3 a6 41. h4 Ke6 42. a5 cxd4+ 43. Kxd4 b5 44. b4 Kd6 45. g5 h5
46. g6 Ke6 47. g7 Kf7 48. Kxd5 Kxg7 49. Kc6 Kg6 50. Kb6 Kf5 51. Kxa6 1-0

[Event "4NCL Online Division 3"]
[Site "online"]
[Date "2020.11.17"]
[Round "7.44"]
[White "Barry, Brendan"]
[Black "Reyes, John"]
[Result "0-1"]
[WhiteElo "1315"]
[BlackElo "1652"]
[PlyCount "60"]
[EventDate "2020.11.17"]
[WhiteTeam "Hatch End A"]
[BlackTeam "Urmston"]

1. e4 c6 2. Nc3 g6 3. Nf3 Bg7 4. d4 d5 5. e5 f6 6. exf6 Nxf6 7. Be2 O-O 8. h3
Qc7 9. Ne5 Nbd7 10. Bf4 Ne4 11. Nxe4 Rxf4 12. Ng5 Nxe5 13. dxe5 Qxe5 14. Nf3
Qxb2 15. O-O Qxa1 16. Qxa1 Bxa1 17. Rxa1 Kg7 18. g3 Ra4 19. Re1 Bxh3 20. Bd3
Kf6 21. Kh2 Be6 22. Rb1 Rxa2 23. Rxb7 c5 24. Kg2 c4 25. Bf1 Rxc2 26. Nd4 Rd2
27. Nc6 c3 28. Nb4 a5 29. Nd3 c2 30. Rc7 Rc8 0-1

[Event "4NCL Online Division 3"]
[Site "online"]
[Date "2020.11.17"]
[Round "7.51"]
[White "Jenkins, John"]
[Black "Peacock, Malcolm R"]
[Result "0-1"]
[WhiteElo "2042"]
[BlackElo "2013"]
[PlyCount "108"]
[EventDate "2020.11.17"]
[WhiteTeam "Stroud Oldies"]
[BlackTeam "Preston South End"]

1. d4 Nf6 2. c4 c5 3. d5 e5 4. Nc3 d6 5. e4 Be7 6. Be2 Nbd7 7. Be3 Nf8 8. g3 h5
9. f3 h4 10. g4 Ng6 11. Qd2 a6 12. Nh3 Bd7 13. Nf2 Nh7 14. Nh3 Rb8 15. a4 b6
16. O-O Bf6 17. Rab1 Qc7 18. b4 O-O 19. Rb3 Nf4 20. Nxf4 exf4 21. Bxf4 cxb4 22.
Nd1 a5 23. g5 Be5 24. Bxe5 dxe5 25. Nb2 Qd8 26. f4 exf4 27. Qxf4 Qxg5+ 28. Kh1
Qxf4 29. Rxf4 g5 30. Rf1 Rbe8 31. Re3 f6 32. Bd1 Re7 33. Nd3 Rc8 34. Bb3 Kg7
35. Rfe1 Nf8 36. e5 fxe5 37. Rxe5 Rxe5 38. Rxe5 Kf6 39. Re3 Bf5 40. Ne5 Nd7 41.
Nxd7+ Bxd7 42. h3 Re8 43. Rf3+ Ke5 44. Kg2 Kd4 45. Kf2 g4 46. hxg4 Bxg4 47. Rf6
Kc3 48. Rf4 Rg8 49. c5 bxc5 50. Bc4 h3 51. d6 h2 52. Bd5 Rg7 53. Rxg4 Rxg4 54.
d7 Rf4+ 0-1

[Event "4NCL Online Division 3"]
[Site "online"]
[Date "2020.11.17"]
[Round "7.52"]
[White "Thompson, Peter"]
[Black "Brown, Graham K"]
[Result "1-0"]
[WhiteElo "1847"]
[BlackElo "1795"]
[PlyCount "47"]
[EventDate "2020.11.17"]
[WhiteTeam "Preston South End"]
[BlackTeam "Stroud Oldies"]

1. e4 d5 2. exd5 Nf6 3. d4 Nxd5 4. c4 Nb4 5. Qa4+ N8c6 6. d5 b5 7. Qd1 Bf5 8.
Na3 Ne5 9. Nf3 Ned3+ 10. Bxd3 Nxd3+ 11. Kf1 bxc4 12. Nxc4 Qxd5 13. Ne3 Qe4 14.
Nxf5 Qxf5 15. Qa4+ Qd7 16. Qxd7+ Kxd7 17. Ke2 Nxc1+ 18. Raxc1 f6 19. Rhd1+ Kc8
20. Rc6 Rb8 21. Nd4 Rxb2+ 22. Kf1 e5 23. Ne6 Rb7 24. Rd8# 1-0

[Event "4NCL Online Division 3"]
[Site "online"]
[Date "2020.11.17"]
[Round "7.53"]
[White "Walker, Adrian"]
[Black "Tillotson, Carl"]
[Result "0-1"]
[WhiteElo "1671"]
[BlackElo "1697"]
[PlyCount "126"]
[EventDate "2020.11.17"]
[WhiteTeam "Stroud Oldies"]
[BlackTeam "Preston South End"]

1. e4 e6 2. Nf3 d5 3. e5 c5 4. b4 d4 5. b5 Ne7 6. Bd3 Qc7 7. O-O Nd7 8. Re1 Ng6
9. Bxg6 hxg6 10. d3 Be7 11. Nbd2 b6 12. Nc4 Bb7 13. Bf4 O-O 14. Ng5 Bd5 15. Qg4
Bxg5 16. Qxg5 Bxc4 17. dxc4 a6 18. a4 axb5 19. cxb5 c4 20. c3 d3 21. Re3 Qd8
22. Qg4 Nc5 23. Bg5 Qd5 24. Rh3 Qe4 25. Bf4 Qf5 26. Qh4 Qh5 27. Qg3 Ne4 28. Qe3
Qe2 29. Qxe2 dxe2 30. Re1 Rxa4 31. Re3 Nc5 32. R1xe2 Rd8 33. f3 Nd3 34. Bg5
Rda8 35. h3 R8a5 36. g4 Rxb5 37. f4 Ra1+ 38. Kh2 Ra3 39. f5 exf5 40. gxf5 gxf5
41. e6 fxe6 42. Rxe6 Rxc3 43. Re7 Rb2 44. Rxb2 Nxb2 45. Rb7 Rb3 46. Bd8 b5 47.
Bb6 Na4 48. Bd4 g6 49. Rg7+ Kf8 50. Rxg6 Rd3 51. Bh8 c3 52. Rc6 b4 53. Be5 Rd2+
54. Kg3 c2 55. Bf4 Rd3+ 56. Kh4 b3 57. Kg5 b2 58. Kf6 Rd8 59. Bh6+ Kg8 60. Rc7
b1=Q 61. Rg7+ Kh8 62. Rf7 Qb6+ 63. Kg5 c1=Q+ 0-1

[Event "4NCL Online Division 3"]
[Site "online"]
[Date "2020.11.17"]
[Round "7.54"]
[White "Pennington, Geoffrey"]
[Black "Reekie-Black, Matthew"]
[Result "0-1"]
[WhiteElo "1765"]
[BlackElo "1600"]
[PlyCount "68"]
[EventDate "2020.11.17"]
[WhiteTeam "Preston South End"]
[BlackTeam "Stroud Oldies"]

1. e4 e5 2. d4 exd4 3. c3 d5 4. exd5 Qxd5 5. cxd4 Nc6 6. Be3 Bb4+ 7. Nc3 Nge7
8. Nge2 O-O 9. a3 Bxc3+ 10. Nxc3 Qf5 11. Be2 Be6 12. O-O Rad8 13. Bf3 Nd5 14.
Qa4 a6 15. Nxd5 Bxd5 16. Bxd5 Rxd5 17. Rfd1 Qe4 18. Rd2 Rfd8 19. Rad1 Ne5 20.
Qb3 Ng6 21. Qd3 Qg4 22. h3 Qe6 23. Qc3 c6 24. Qb3 R8d7 25. Qc3 f5 26. f3 f4 27.
Bf2 Rg5 28. Re1 Qxh3 29. Re8+ Kf7 30. Be1 Kxe8 31. Re2+ Re7 32. Rxe7+ Nxe7 33.
Qc2 Nf5 34. Qxf5 Qxf5 0-1